| 000 | 01323 am a2200361ua 4500 | ||
|---|---|---|---|
| 999 |
_c16912 _d16912 |
||
| 001 | 011933337 | ||
| 003 | EG-ScBUE | ||
| 005 | 20210309102849.0 | ||
| 008 | 910214r19911904enk f 001 0beng d | ||
| 020 | _a0140530193 | ||
| 020 | _a9780140530193 | ||
| 040 |
_aUk _beng _erda _cUk _dEG-ScBUE |
||
| 082 | 0 | 4 |
_a822.33 _bBRA _222 |
| 100 | 1 |
_aBradley, A. C. _q(Andrew Cecil), _d1851-1935, _eauthor. _930510 |
|
| 245 | 1 | 0 |
_aShakespearean tragedy : _blectures on Hamlet, Othello, King Lear, Macbeth / _cA. C. Bradley ; with a foreword by John Bayley. |
| 264 | 1 |
_aLondon : _bPenguin Books, _c1991. |
|
| 300 |
_a474 pages ; _c20 cm. |
||
| 336 |
_2rdacontent _atext _btxt |
||
| 337 |
_2rdamedia _aunmediated _bn |
||
| 338 |
_2rdacarrier _avolume _bnc |
||
| 490 | 0 | _aPenguin Shakespeare library | |
| 500 | _aOriginally published: London : Macmillan and Co., 1904. | ||
| 500 | _aIncludes index. | ||
| 505 | 0 | _aHamlet -- Othello -- King Lear -- Macbeth. | |
| 600 | 1 | 7 |
_aShakespeare, William, _d1564-1616. _2BUEsh _930760 |
| 600 | 1 | 7 |
_aShakespeare, William, _d1564-1616 _xTragedies. _2BUEsh _930507 |
| 650 | _2BUEsh | ||
| 651 | _2BUEsh | ||
| 653 | 1 |
_cAugust 2016 _bHHUUEENN |
|
| 655 |
_vReading book _934232 |
||
| 700 | 1 |
_940650 _aBayley, John, _d1925-2015, _eauthor of introduction, etc. |
|
| 942 |
_2ddc _cBB _e22 _k822.33 BRA |
||